000 00706nam a2200181Ia 4500
008 090124s9999 xx 000 0 und d
082 _b27185
_a1933
100 _aगाडगीळ अमरेंद्र लक्ष्मण
245 _a वंदे मातरम् (इतिहास कथा )
250 _a4
260 _c1993
300 _a80
600 _aगाडगीळ अमरेंद्र लक्ष्मण
630 _a वंदे मातरम् (इतिहास कथा )
700 _aगाडगीळ अमरेंद्र लक्ष्मण
730 _a वंदे मातरम् (इतिहास कथा )
942 _cBOOK
999 _c140652
_d140652